Estadísticas para Rosco de Pasapalabra #91

Haz click aquí para intentar la prueba.

Estadísticas generales

  • Esta prueba ha sido intentada 137 veces
  • La puntuación promedio es 12 de 25

Estadísticas de respuestas

InicialDefiniciónRespuesta% Correcto
Contiene la ÑPerteneciente o relativo al tiempo de NavidadNavideño
87%
APersona que trabaja en la recogida de las aceitunasAceitunero
82%
EPaís africano en el que se encuentran las ciudades de Alejandría y LuxorEgipto
82%
COpinión que se da a una persona sobre lo que debe o no debe hacerConsejo
78%
JPlanta leguminosa que da frutos en forma de vaina alargada y aplastada, y semillas comestibles con forma de riñónJudía
74%
BRecibimiento cortés que se hace a alguienBienvenida
67%
SEn fútbol y otros deportes, lanzar un jugador la pelota por primera vez al comienzo del partido o para reanudar el juegoSacar
67%
NCualquier actividad relacionada con la compra y venta de cosas, en que se persigue una gananciaNegocio
61%
IExplicación que precede a una obra literaria o a un discursoIntroducción
59%
LSe dice del parentesco con un vínculo remoto o no inmediatoLejano
59%
UToma de conexión universal muy usada en ordenadores y otros dispositivos electrónicosUSB
56%
FQue es de hierro o que tiene sus propiedadesFérreo
54%
VCortometraje en que se registra una canción o tema musical, generalmente con fines promocionalesVideoclip
51%
PMondadientes de maderaPalillo
47%
Contiene la XLámpara de mesa con un brazo flexibleFlexo
46%
TAfligido, apesadumbradoTriste
39%
HTraje de los eclesiásticosHábito
38%
Contiene la QEstablecimiento en que se venden vísceras y otras partes comestibles de la res que no se consideran carneCasquería
34%
ZMolusco bivalvo similar a la vieira, pero de menor tamaño, que vive en el Atlántico y el MediterráneoZamburiña
34%
Contiene la YMáquina o conjunto de máquinas que sirven para cambiar los decorados en el escenario de un teatroTramoya
22%
ODispositivo, organización para acometer una acciónOperativo
14%
RInstrumento que sirve para variar la resistencia de un circuito eléctricoReostato
3%
GEn la religión judía, nombre de la colección de comentarios y exégesis de la Mishná, que forma parte del TalmudGuemará
2%
DNiño huérfano que se recogía en un colegio para criarlo y educarlo hasta que estuviera en edad de aprender un oficioDoctrino
1%
MApellido de la actriz que interpretó a la doctora Elizabeth Cruz en la serie de televisión "Nip/Tuck, a golpe de bisturí"Maffia
1%

Distribución de puntuación

Porcentaje por número respondido

Porcentaje de gente con cada puntuación

Historial de tus puntuaciones

No has intentado esta prueba.